| 000 -LEADER |
| fixed length control field |
01779cam a2200373 a 4500 |
| 001 - CONTROL NUMBER |
| control field |
3942176 |
| 005 - DATE AND TIME OF LATEST TRANSACTION |
| control field |
20170207150204.0 |
| 008 - FIXED-LENGTH DATA ELEMENTS--GENERAL INFORMATION |
| fixed length control field |
930519s1993 enkab bc 000 0 eng |
| 010 ## - LIBRARY OF CONGRESS CONTROL NUMBER |
| LC control number |
93020670 |
| 020 ## - INTERNATIONAL STANDARD BOOK NUMBER |
| International Standard Book Number |
9676530433 : |
| Terms of availability |
$95.00 U.S. |
| 050 00 - LIBRARY OF CONGRESS CALL NUMBER |
| Classification number |
NK4156.6.A1T53 1993 |
| 110 2# - MAIN ENTRY--CORPORATE NAME |
| Corporate name or jurisdiction name as entry element |
Asian Art Museum of San Francisco. |
| 245 00 - TITLE STATEMENT |
| Title |
Thai ceramics : |
| Remainder of title |
the James and Elaine Connell Collection / |
| Statement of responsibility, etc. |
Asian Art Museum of San Francisco. |
| 260 ## - PUBLICATION, DISTRIBUTION, ETC. (IMPRINT) |
| Place of publication, distribution, etc. |
Kuala Lumpur ; |
| -- |
New York : |
| Name of publisher, distributor, etc. |
Oxford University Press, |
| Date of publication, distribution, etc. |
1993. |
| 300 ## - PHYSICAL DESCRIPTION |
| Extent |
viii, 180 p. : |
| Other physical details |
ill. (some col.), map ; |
| Dimensions |
31 cm. |
| 500 ## - GENERAL NOTE |
| General note |
Published in conjunction with the 1993 exhibition of the Connell Collection at the Asian Art Museum of San Francisco. |
| 504 ## - BIBLIOGRAPHY, ETC. NOTE |
| Bibliography, etc |
Includes bibliographical references (p. 45-49). |
| 600 10 - SUBJECT ADDED ENTRY--PERSONAL NAME |
| Personal name |
Connell, John, |
| Dates associated with a name |
1909-1965 |
| General subdivision |
Art collections |
| -- |
Exhibitions. |
| 600 10 - SUBJECT ADDED ENTRY--PERSONAL NAME |
| Personal name |
Connell, Elaine |
| General subdivision |
Art collections |
| -- |
Exhibitions. |
| 610 20 - SUBJECT ADDED ENTRY--CORPORATE NAME |
| Corporate name or jurisdiction name as entry element |
Asian Art Museum of San Francisco |
| General subdivision |
Exhibitions. |
| 650 #0 - SUBJECT ADDED ENTRY--TOPICAL TERM |
| Topical term or geographic name as entry element |
Pottery, Thai |
| General subdivision |
Exhibitions. |
| 650 #0 - SUBJECT ADDED ENTRY--TOPICAL TERM |
| Topical term or geographic name as entry element |
Pottery |
| General subdivision |
Private collections |
| Geographic subdivision |
California |
| -- |
San Francisco |
| General subdivision |
Exhibitions. |
| 650 #0 - SUBJECT ADDED ENTRY--TOPICAL TERM |
| Topical term or geographic name as entry element |
Pottery |
| Geographic subdivision |
California |
| -- |
San Francisco |
| General subdivision |
Exhibitions. |
| 740 0# - ADDED ENTRY--UNCONTROLLED RELATED/ANALYTICAL TITLE |
| Uncontrolled related/analytical title |
James and Elaine Connell Collection. |
| 856 42 - ELECTRONIC LOCATION AND ACCESS |
| Materials specified |
Publisher description |
| Uniform Resource Identifier |
<a href="http://www.loc.gov/catdir/enhancements/fy0606/93020670-d.html">http://www.loc.gov/catdir/enhancements/fy0606/93020670-d.html</a> |
| 942 ## - ADDED ENTRY ELEMENTS (KOHA) |
| Source of classification or shelving scheme |
|
| Koha item type |
Hard Covered Materials |